000 00545nam a2200181Ia 4500
005 20250508150919.0
008 008 250505s9999 xx 000 0 hin d
037 _aBooks to be hide in OPAC
040 _aFEDL
_beng
_cFEDL
041 _ahin
_2eng
084 _aFH, CHA/O
_qFEDL
100 _aAazimbeg Changtai
_9757940
245 0 _aKoltar: Hasya vyanga mishrit ucch koti ka rochak uppanyas
260 _aPrayag, India
_bChatrahitkari Pustakmala
_c1949
300 _a248p.
942 _cHB
_hFH, CHA/O
999 _c1326432
_d1326432